| 000 | 00478nam a2200181Ia 4500 | ||
|---|---|---|---|
| 003 | 0100 | ||
| 008 | 130307s9999 xx 000 0 und d | ||
| 040 | _cARRUPELIB | ||
| 050 | _aHM57.W34 1947 | ||
| 100 | _aWeber, Max | ||
| 245 | 4 | _aThe Theory of Social and Economic Organization | |
| 260 | _aNY | ||
| 260 | _bThe Free Press | ||
| 260 | _c1947 | ||
| 300 | _a436p | ||
| 700 | _aEdited and Translated, with an Introduction by Talcott Parsons and A.M. Henderso | ||
| 942 | 0 | 0 | _01 |
| 999 |
_c82661 _d82661 |
||